Journal of information, intelligence and knowledge

Detalles Bibliográficos
Autor Corporativo: Nova Science Publishers
Formato: Electrónico Revista
Lenguaje:inglés
Publicado: Hauppauge, NY : Nova Science Publishers
Materias:
Acceso en línea:Full text available from Research Library: 01/01/2011 to 10/31/2014

MARC

LEADER 00000nas a2200000 a 4500
001 ssj0001454296
003 WaSeSS
005 20200512172242.0
006 m d
007 cr n
008 080630c20099999nyuqr p s 0 a0eng c
010 |a  2008213682 
022 |y 1937-7983 
035 |a (WaSeSS)ssj0001454296 
037 |b Nova Science Publishers, 400 Oser Ave, Ste. 1600, Hauppauge, NY 11788-3619 
040 |a NSDP  |b eng  |c NSDP  |d NSDP  |d DLC  |d OCoLC  |d WaSeSS 
042 |a pcc  |a nsdp 
050 0 0 |a Z669  |b .J68 
082 1 0 |a 029  |2 14 
210 0 |a J. inf. intell. knowl. 
222 0 |a Journal of information, intelligence and knowledge 
245 0 0 |a Journal of information, intelligence and knowledge  |h [electronic resource]. 
246 1 3 |a Information, intelligence and knowledge 
246 1 3 |a JIIK 
260 |a Hauppauge, NY :  |b Nova Science Publishers 
310 |a Quarterly 
362 1 |a Began with: Vol. 1, no. 1 (2009). 
506 |a License restrictions may limit access. 
588 |a Description based on: Vol. 1, issue 1 (2009); title from cover. 
588 |a Latest issue consulted: Vol. 2, issue 2 (2009). 
650 0 |a Information science  |v Periodicals. 
655 0 |a Electronic journals. 
710 2 |a Nova Science Publishers. 
850 |a DLC 
856 4 0 |z Full text available from Research Library: 01/01/2011 to 10/31/2014  |u https://search.proquest.com/publication/2034840